| 000 | 00734nam a2200253Ia 4500 | ||
|---|---|---|---|
| 003 | OSt | ||
| 005 | 20220912151450.0 | ||
| 006 | a|||||r|||| 00| 0 | ||
| 007 | ta | ||
| 008 | 220909b |||||||| |||| 00| 0 eng d | ||
| 024 | _a52767 | ||
| 037 | _cTextual | ||
| 040 |
_aCSL _beng _cCSL |
||
| 041 | _aeng | ||
| 082 | _aJ381:915.2, M0 | ||
| 100 | _aMinistry of economic welfare | ||
| 245 | 0 | _aRaces of rice in India | |
| 260 |
_aCalcutta _bSuprintendent government printing _c1911 |
||
| 300 |
_a594p. _ccm. |
||
| 500 |
_aAppendix p. _ccm.585-594; Originally published as agricultural ledge |
||
| 650 | _aRice | ||
| 942 |
_hJ381:915.2, M0 _cTEXL _2CC |
||
| 999 |
_c69139 _d69139 |
||